000 00400nam a2200169Ia 4500
008 230711s9999||||xx |||||||||||||| ||und||
020 _a978-93-325-1874-2
041 _aENG
082 _a4.6
_bTA-C
100 _aTanenbaum,Andrew S
245 0 _aComputer networks
250 _a5th . . Ed.
260 _c2014
_aNew Delhi
_bPearson
300 _a951
650 _aComputer Engineering
942 _cBK
999 _c1346
_d1346